[Event "Clichy intern op 0304"]
[Site "Clichy"]
[Date "2003.10.16"]
[Round "1"]
[White "Celerier, Eric"]
[Black "Salomon, Eric"]
[Result "1/2-1/2"]
[WhiteElo "1570"]
[BlackElo "1499"]
[PlyCount "53"]
[EventDate "2003.10.16"]
[EventType "swiss"]
[EventRounds "6"]
[EventCountry "FRA"]
[SourceTitle "EXT 2008"]
[Source "ChessBase"]
[SourceDate "2007.11.25"]
[SourceVersion "1"]
[SourceVersionDate "2007.11.25"]
[SourceQuality "1"]

1. e4 e5 2. Nf3 Nc6 3. Bb5 Nf6 4. 0-0 Bc5 5. c3 0-0 6. d4 exd4 7. cxd4 Bb6 8. Re1 d6 9. Bg5 h6 10. Bh4 a6 11. Bxc6 bxc6 12. e5 dxe5 13. dxe5 Qxd1 14. Rxd1 Nd5 15. Na3 Bg4 16. Rac1 Nb4 17. Be7 Nxa2 18. Bxf8 Nxc1 19. Rxc1 Rxf8 20. Rxc6 Rd8 21. h3 Bd7 22. Rc1 Bc8 23. Nc4 Ba7 24. Na5 Bb6 25. Nc6 Re8 26. Rd1 Bb7 27. Rc1 1/2-1/2